Η καρδιά της Μαργαρίτας : μυθιστόρημα
Αποθηκεύτηκε σε:
| Κύριος συγγραφέας: | |
|---|---|
| Μορφή: | Βιβλίο |
| Γλώσσα: | Greek |
| Δημοσίευση: |
Αθήνα :
Εξάντας,
c1999.
|
| Θέματα: | |
| Ετικέτες: |
Προσθήκη ετικέτας
Δεν υπάρχουν, Καταχωρήστε ετικέτα πρώτοι!
|
MARC
| LEADER | 00000cam a2200000 i 4500 | ||
|---|---|---|---|
| 001 | 1/32221 | ||
| 008 | 130621s1999####gr |||||||||||||| ||gre|| | ||
| 020 | |a 960-256-414-8 | ||
| 035 | |l 10114878 | ||
| 040 | |a GR-MY-UA |b gre |e aacr | ||
| 041 | 0 | |a gre | |
| 082 | 0 | |a 889.3 |2 (22) | |
| 100 | 1 | |a Αλεξάκης, Βασίλης Ι., |d 1943- | |
| 245 | 1 | 2 | |a Η καρδιά της Μαργαρίτας : |b μυθιστόρημα / |c Βασίλης Αλεξάκης. |
| 260 | |a Αθήνα : |b Εξάντας, |c c1999. | ||
| 300 | |a 387 σ.; |c 20 εκ. | ||
| 650 | 0 | 0 | |a Greek fiction, Modern. |
| 852 | |a INST |b LEMNOS |e 20130621 |h 889.3 ΑΛΕ |p 005600000894 |q 005600000894 |t BK |y 0 | ||
| 901 | |a BIBL6-2013-1 | ||
| 909 | |a Μ |b 161167 | ||
| 970 | |a ΤΣΟΥΚΑΛΑ |b ΑΛΙΚΗ |z 2013/01/ | ||